Chansons les plus streamées : Michel Sardou - Statistiques

Statistiques générales
  • Ce quiz a été pris 230 fois
  • Le résultat moyen est 5 sur 10
Statistiques - réponses
Nb de streams Chanson % Correct
54 500 000 Les lacs du Connemara
98%
25 500 000 Être une femme
69%
29 500 000 La maladie d'amour
68%
7 500 000 Le France
64%
8 500 000 La java de Broadway
56%
19 500 000 En chantant
54%
24 000 000 Je vais t'aimer
51%
11 500 000 Afrique adieu
33%
7 500 000 Rouge
30%
8 500 000 Une fille aux yeux clairs
9%
Aucun quiz correspondant
Distribution des résultats
% des personnes avec chaque résultat
Percentile par nombre de réponses
Votre historique - résultats
Vous n’avez pas pris ce quiz